Statistics for Spanish Place Names Translated to English

Click here to take the quiz!

General Stats

  • This quiz has been taken 198 times
  • The average score is 17 of 30

Answer Stats

English Translation Spanish Place Name % Correct
EquatorEcuador
92%
The AngelsLos Angeles
90%
Good AirBuenos Aires
88%
Rich CoastCosta Rica
87%
YellowAmarillo
85%
Saint BarbaraSanta Barbara
84%
Rich PortPuerto Rico
84%
Big RiverRio Grande
82%
Saint JosephSan Jose
80%
Saint ClaraSanta Clara
79%
Saint AnthonySan Antonio
79%
Saint CrossSanta Cruz
79%
MountainMontana
77%
LimeLima
72%
The SaviorEl Salvador
70%
Holy SundaySanto Domingo
62%
SnowyNevada
53%
Saint FerdinandSan Fernando
52%
The StepEl Paso
47%
Saint JamesSan Diego
45%
Snowy Mountain RangeSierra Nevada
43%
The MeadowsLas Vegas
42%
Saint BernardSan Bernardino
40%
FloweryFlorida
39%
Colored RedColorado
39%
Green PlateauMesa Verde
22%
PoplarAlamo
9%
Water DelicacyNicaragua
7%
TubCuba
7%
HibiscusJamaica
7%

Score Distribution

Percentile by Number Answered

Percent of People with Each Score

Your Score History

You have not taken this quiz